[Event "ITA-ch Online (Women) KO"]
[Site "Premium Chess Arena INT"]
[Date "2020.11.21"]
[Round "1.2"]
[White "Raccanello, Marianna"]
[Black "Arnetta, Maria Teresa"]
[Result "1-0"]
[WhiteElo "2119"]
[BlackElo "2093"]
[PlyCount "99"]
[EventDate "2020.11.21"]
[EventType "k.o. (rapid)"]
[EventRounds "2"]
[EventCountry "ITA"]
[SourceTitle "CBM 199 Extra"]
[Source "ChessBase"]
[SourceDate "2021.01.31"]
[SourceVersion "1"]
[SourceVersionDate "2021.01.31"]
[SourceQuality "1"]

1. e4 c5 2. Nf3 Nc6 3. d4 cxd4 4. Nxd4 e5 5. Nb5 d6 6. N1c3 a6 7. Na3 b5 8. Nd5 Nge7 9. c4 Nd4 10. Be3 Nxd5 11. cxd5 Qh4 12. Bxd4 exd4 13. Bd3 Be7 14. 0-0 0-0 15. Nc2 Bf6 16. Qd2 Re8 17. Rae1 Bd7 18. f4 Rac8 19. Rf2 Rc5 20. g3 Qh6 21. Bf1 Rec8 22. Nxd4 Bh3 23. Bxh3 Qxh3 24. Nc6 a5 25. e5 dxe5 26. fxe5 Bd8 27. e6 fxe6 28. Rxe6 Bb6 29. Qe1 Rc1 30. Qxc1 Bxf2+ 31. Kxf2 Qxh2+ 32. Ke3 Qxg3+ 33. Kd4 Qf2+ 34. Re3 Qf4+ 35. Kd3 Qf5+ 36. Ke2 Qh5+ 37. Rf3 Re8+ 38. Qe3 Rxe3+ 39. Kxe3 Qg5+ 40. Kd4 Qd2+ 41. Kc5 h5 42. d6 Qc2+ 43. Kb6 Qd1 44. Kc7 Qxf3 45. d7 Qf7 46. Kc8 Qe6 47. Kc7 Qf7 48. Kc8 Qf5 49. Ne7+ Kf7 50. Nxf5 1-0

[Event "GRE-chT 44th"]
[Site "Achaia"]
[Date "2016.07.06"]
[Round "2.1"]
[White "Avramidou, Anastasia"]
[Black "Arnetta, Maria Teresa"]
[Result "1-0"]
[WhiteElo "2240"]
[BlackElo "2124"]
[PlyCount "59"]
[EventDate "2016.07.05"]
[EventType "team-swiss"]
[EventRounds "7"]
[EventCountry "GRE"]
[SourceTitle "CBM 173 Extra"]
[Source "ChessBase"]
[SourceDate "2016.08.29"]
[SourceVersion "1"]
[SourceVersionDate "2016.08.29"]
[SourceQuality "1"]
[WhiteTeam "Peristeriou CP"]
[BlackTeam "Chania Kaissa"]
[WhiteTeamCountry "GRE"]
[BlackTeamCountry "GRE"]

1. Nf3 d5 2. d4 Nf6 3. c4 dxc4 4. e3 Bg4 5. Bxc4 e6 6. h3 Bh5 7. 0-0 Nbd7 8. Nc3 Bb4 9. a3 Bxc3 10. bxc3 Ne4 11. Re1 Nxc3 12. Qd3 Nd5 13. e4 N5b6 14. Bg5 Qc8 15. Ba2 0-0 16. Rac1 Re8 17. d5 exd5 18. exd5 Rxe1+ 19. Rxe1 h6 20. Bf4 Nf6 21. Rc1 c6 22. dxc6 Bg6 23. Qxg6 Nbd5 24. Bxd5 Nxd5 25. Qd6 Nxf4 26. Qxf4 bxc6 27. Ne5 Qe6 28. Rxc6 Qd5 29. Rc7 f6 30. Qc4 1-0

[Event "London Classic op 6th"]
[Site "London"]
[Date "2014.12.08"]
[Round "1"]
[White "Piorun, Kacper"]
[Black "Arnetta, Maria Teresa"]
[Result "1-0"]
[WhiteElo "2517"]
[BlackElo "2027"]
[PlyCount "171"]
[EventDate "2014.12.08"]
[EventType "swiss"]
[EventRounds "9"]
[EventCountry "ENG"]
[SourceTitle "CBM 163 Extra"]
[Source "ChessBase"]
[SourceDate "2014.12.23"]
[SourceVersion "1"]
[SourceVersionDate "2014.12.23"]
[SourceQuality "1"]

1. Nf3 d5 2. g3 Nc6 3. d4 Bg4 4. Bg2 e6 5. 0-0 Bd6 6. c4 Nf6 7. Bg5 0-0 8. cxd5 exd5 9. Nc3 Be7 10. Bxf6 Bxf6 11. e3 Ne7 12. b4 a6 13. h3 Be6 14. a4 Qd7 15. Kh2 c6 16. Rc1 Nc8 17. Ne1 Be7 18. Nd3 Nd6 19. Nc5 Qc8 20. b5 axb5 21. axb5 Nc4 22. bxc6 bxc6 23. N3a4 Ra5 24. Re1 Qc7 25. Bf1 Nd6 26. Nc3 Qa7 27. Kg1 Ra3 28. Ra1 Bf5 29. Rxa3 Qxa3 30. Qc1 Qa7 31. Re2 Qc7 32. Ra2 h6 33. Qa1 Nc8 34. Ra5 Bd6 35. Kg2 Re8 36. Bd3 Bxd3 37. Nxd3 Qe7 38. Ra6 Qg5 39. Ne2 Qf5 40. Qd1 Qe4+ 41. Kg1 Ne7 42. Ne1 Rb8 43. Nc3 Qf5 44. Kg2 Bb4 45. Qc1 Bxc3 46. Qxc3 Qe4+ 47. Kh2 Qb1 48. Ra1 Qb5 49. Nd3 Nf5 50. Kg2 Nd6 51. Ra5 Qb1 52. Ra1 Qb5 53. Nc5 Qe2 54. Re1 Qa2 55. Qa1 Qd2 56. Rb1 Re8 57. Qb2 Qa5 58. Qb6 Qa2 59. Rb2 Qa1 60. Rb1 Qa2 61. Qb2 Qa8 62. Qa1 Nc4 63. Qxa8 Rxa8 64. g4 Ra2 65. Rb8+ Kh7 66. Kg3 Nd2 67. Rf8 Nf1+ 68. Kf3 Nd2+ 69. Kg2 f6 70. Rf7 Kg6 71. Rc7 h5 72. gxh5+ Kh6 73. Rxc6 Nc4 74. Kg3 Kxh5 75. Nd3 Nd2 76. Nc5 Nf1+ 77. Kf3 Nd2+ 78. Kg2 Rc2 79. Re6 Nc4 80. Nd3 g5 81. Nb4 Rb2 82. Nxd5 f5 83. Nf6+ Kg6 84. Ne4+ Kf7 85. Nxg5+ Kg7 86. h4 1-0

[Event "ITA-ch (Women)"]
[Site "Porto San Giorgio"]
[Date "2013.08.25"]
[Round "5"]
[White "Arnetta, Maria Teresa"]
[Black "Gueci, Tea"]
[Result "1-0"]
[WhiteElo "2014"]
[BlackElo "2018"]
[PlyCount "79"]
[EventDate "2013.08.21"]
[EventType "swiss"]
[EventRounds "9"]
[EventCountry "ITA"]
[SourceTitle "EXT 2015"]
[Source "ChessBase"]
[SourceDate "2014.11.20"]
[SourceVersion "1"]
[SourceVersionDate "2014.11.20"]
[SourceQuality "1"]

1. d4 Nf6 2. Nc3 g6 3. e4 d6 4. Bg5 Bg7 5. e5 Nfd7 6. f4 h6 7. Bh4 g5 8. fxg5 dxe5 9. dxe5 hxg5 10. Bxg5 Bxe5 11. Qd3 Nf6 12. Qxd8+ Kxd8 13. 0-0-0+ Nbd7 14. Nf3 Bxc3 15. bxc3 Ne4 16. Bc4 Nf2 17. Rhe1 f6 18. Rd2 Ng4 19. Be6 Nxh2 20. Nxh2 fxg5 21. Nf3 Rh6 22. Bxd7 Bxd7 23. Ne5 Rd6 24. Nf7+ Ke8 25. Nxd6+ cxd6 26. Rxd6 Rc8 27. Rg6 Kf7 28. Rxg5 Rxc3 29. Rf1+ Ke6 30. Kb2 Re3 31. g4 Kd6 32. Rf4 e5 33. Rf6+ Kd5 34. Rg7 Bc6 35. g5 Rg3 36. g6 e4 37. Re7 e3 38. Rfe6 e2 39. g7 Rxg7 40. c4+ 1-0

[Event "ITA-ch (Women)"]
[Site "Porto San Giorgio"]
[Date "2013.08.22"]
[Round "2"]
[White "Santeramo, Alessia Carmen"]
[Black "Arnetta, Maria Teresa"]
[Result "1/2-1/2"]
[WhiteElo "1934"]
[BlackElo "2014"]
[PlyCount "131"]
[EventDate "2013.08.21"]
[EventType "swiss"]
[EventRounds "9"]
[EventCountry "ITA"]
[SourceTitle "EXT 2015"]
[Source "ChessBase"]
[SourceDate "2014.11.20"]
[SourceVersion "1"]
[SourceVersionDate "2014.11.20"]
[SourceQuality "1"]

1. e4 Nc6 2. Nf3 d5 3. exd5 Qxd5 4. Nc3 Qa5 5. d4 Bg4 6. Be2 0-0-0 7. Be3 Nf6 8. h3 Bxf3 9. Bxf3 e5 10. Bxc6 bxc6 11. Qd3 exd4 12. Bxd4 Kb7 13. Qc4 Re8+ 14. Kf1 Nd5 15. Rd1 f6 16. Kg1 Bd6 17. Nxd5 Qxd5 18. Qxd5 cxd5 19. Be3 Kc6 20. g3 Bc5 21. Bxc5 Kxc5 22. Rd3 d4 23. c3 Re2 24. cxd4+ Kd5 25. Rb3 Rd2 26. Rb7 Re8 27. Kg2 Ree2 28. Rf1 Kc6 29. Rxa7 Rxb2 30. Rc1+ Kd6 31. Kf3 Rxf2+ 32. Ke3 Rbe2+ 33. Kd3 Rxa2 34. Raxc7 Ra3+ 35. Kc4 Kxc7 36. Kb4+ Kd6 37. Kxa3 Rf3+ 38. Kb4 Rxg3 39. Kc4 Ra3 40. h4 g6 41. Rb1 Ra4+ 42. Kd3 Ra7 43. Rb6+ Ke7 44. Ke4 Rd7 45. Ra6 h6 46. Rc6 Rd6 47. Rc7+ Ke6 48. Rh7 f5+ 49. Ke3 Kf6 50. h5 Kg5 51. hxg6 Kxg6 52. Rh8 Re6+ 53. Kf3 Re4 54. d5 Rd4 55. Rd8 Kf6 56. Rd6+ Ke5 57. Rxh6 Rxd5 58. Rb6 Rd3+ 59. Ke2 Ra3 60. Rb4 f4 61. Rb8 Kf5 62. Kf2 Rc3 63. Rf8+ Ke5 64. Re8+ Kf5 65. Rf8+ Ke5 66. Re8+ 1/2-1/2

[Event "Zaragoza Casablanca op 6th"]
[Site "Zaragoza"]
[Date "2012.12.23"]
[Round "2"]
[White "Arnetta, Maria Teresa"]
[Black "Mirzoev, Azer"]
[Result "0-1"]
[WhiteElo "2025"]
[BlackElo "2553"]
[PlyCount "73"]
[EventDate "2012.12.22"]
[EventType "swiss"]
[EventRounds "9"]
[EventCountry "ESP"]
[SourceTitle "CBM 152 Extra"]
[Source "ChessBase"]
[SourceDate "2013.02.25"]
[SourceVersion "1"]
[SourceVersionDate "2013.02.25"]
[SourceQuality "1"]

1. e4 c5 2. c3 Nf6 3. e5 Nd5 4. d4 cxd4 5. Nf3 Nc6 6. cxd4 d6 7. Bc4 e6 8. 0-0 Be7 9. a3 0-0 10. Re1 b6 11. Qe2 dxe5 12. dxe5 Na5 13. Ba2 Bb7 14. Bd2 Rc8 15. Nc3 Nxc3 16. Bxc3 Rc7 17. Rad1 Qa8 18. Bb1 Bxf3 19. gxf3 g6 20. Rd4 Rd8 21. Red1 Rxd4 22. Rxd4 Qc8 23. Bd3 Nb3 24. Rc4 Nc5 25. Bb1 b5 26. Rd4 Na4 27. Bd2 Nxb2 28. Qxb5 Nc4 29. Bb4 a6 30. Qa4 Nxe5 31. Kg2 Bxb4 32. axb4 Rc1 33. Be4 Kg7 34. f4 Ng4 35. Rd6 Qc4 36. Bd3 Qxf4 37. Bb1 0-1

[Event "Livigno op-A 3rd"]
[Site "Livigno"]
[Date "2012.09.12"]
[Round "4"]
[White "Arnetta, Maria Teresa"]
[Black "Bove, Alessandro"]
[Result "0-1"]
[WhiteElo "2031"]
[BlackElo "2367"]
[PlyCount "92"]
[EventDate "2012.09.10"]
[EventType "swiss"]
[EventRounds "9"]
[EventCountry "ITA"]
[SourceTitle "CBM 150 Extra"]
[Source "ChessBase"]
[SourceDate "2012.10.19"]
[SourceVersion "1"]
[SourceVersionDate "2012.10.19"]
[SourceQuality "1"]

1. e4 c5 2. b3 d6 3. Bb2 Nc6 4. Bb5 e5 5. Nc3 Qg5 6. Qf3 Bd7 7. Nge2 Nh6 8. Nd5 Rc8 9. Qg3 Qxg3 10. Nxg3 a6 11. Bxc6 Bxc6 12. 0-0 Bxd5 13. exd5 c4 14. f4 f6 15. Ne4 Nf7 16. Rf3 cxb3 17. Rxb3 Rc4 18. Re1 b5 19. Ra3 f5 20. Ng3 Rxf4 21. Rxa6 g6 22. Ra8+ Ke7 23. Ra7+ Kf6 24. Ne2 Rc4 25. Bc3 Bh6 26. Rb7 Ra8 27. Rxb5 Rxa2 28. Rc1 Ra6 29. Rcb1 Ra2 30. Rc1 Bxd2 31. Bxd2 Rcxc2 32. Nc3 Rxd2 33. Nxa2 Rxa2 34. h3 Ng5 35. Rb7 f4 36. h4 Ne4 37. Rxh7 Rd2 38. Re1 Ng3 39. Ra7 Nf5 40. h5 gxh5 41. Rb1 Ne3 42. Rb8 Rxg2+ 43. Kh1 Rd2 44. Rf8+ Kg5 45. Rg7+ Kh4 46. Rh8 Ng4 0-1

[Event "Livigno op-A 3rd"]
[Site "Livigno"]
[Date "2012.09.11"]
[Round "2"]
[White "Arnetta, Maria Teresa"]
[Black "Pogan, Nikolas"]
[Result "1/2-1/2"]
[WhiteElo "2031"]
[BlackElo "2240"]
[PlyCount "77"]
[EventDate "2012.09.10"]
[EventType "swiss"]
[EventRounds "9"]
[EventCountry "ITA"]
[SourceTitle "CBM 150 Extra"]
[Source "ChessBase"]
[SourceDate "2012.10.19"]
[SourceVersion "1"]
[SourceVersionDate "2012.10.19"]
[SourceQuality "1"]

1. e4 d6 2. d4 Nf6 3. Nc3 e5 4. Nf3 Nbd7 5. Bc4 Be7 6. 0-0 0-0 7. Qe2 c6 8. Rd1 Qc7 9. a4 a5 10. h3 exd4 11. Nxd4 Nb6 12. Ba2 Re8 13. Bf4 Bf8 14. Qf3 Nbd7 15. Nf5 Ne5 16. Bxe5 Rxe5 17. Nh6+ gxh6 18. Qxf6 Rg5 19. Rd3 Rg6 20. Qf4 Bg7 21. Rad1 Be5 22. Qh4 Qb6 23. Bb3 Be6 24. Ne2 Kh8 25. Bxe6 fxe6 26. Rb3 Qc5 27. Rd2 Rag8 28. g3 b6 29. Kg2 Bf6 30. Qf4 Bg5 31. Qxd6 Bxd2 32. Qxd2 Rf6 33. Qd4 Qxd4 34. Nxd4 e5 35. Nf5 Rb8 36. Rd3 b5 37. axb5 cxb5 38. Rd5 Ra6 39. Rxe5 1/2-1/2

[Event "ITA-ch (Women) 39th"]
[Site "Acqui Terme"]
[Date "2012.07.29"]
[Round "8"]
[White "Arnetta, Maria Teresa"]
[Black "Santeramo, Alessia Carmen"]
[Result "1-0"]
[WhiteElo "2013"]
[BlackElo "1834"]
[PlyCount "55"]
[EventDate "2012.07.23"]
[EventType "swiss"]
[EventRounds "8"]
[EventCountry "ITA"]
[SourceTitle "EXT 2023"]
[Source "ChessBase"]
[SourceDate "2022.10.05"]
[SourceVersion "1"]
[SourceVersionDate "2022.10.05"]
[SourceQuality "1"]

1. e4 c5 2. Nf3 e6 3. c3 d5 4. e5 d4 5. g3 Nc6 6. Bg2 Qc7 7. Qe2 Nge7 8. Na3 a6 9. 0-0 Nd5 10. Nc2 dxc3 11. dxc3 Be7 12. Re1 0-0 13. Qe4 h6 14. Ne3 Nxe3 15. Bxe3 Rb8 16. Bf1 f5 17. exf6 Rxf6 18. Bd3 Bd6 19. Rad1 Ne7 20. Qh7+ Kf7 21. Nh4 c4 22. Bxc4 Qxc4 23. Rxd6 b5 24. Rd4 Qc6 25. Rg4 Ke8 26. Rxg7 Nd5 27. Ng6 Rxg6 28. Qh8# 1-0

[Event "ITA-ch (Women) 39th"]
[Site "Acqui Terme"]
[Date "2012.07.28"]
[Round "7"]
[White "Arnetta, Maria Teresa"]
[Black "Gueci, Laura"]
[Result "0-1"]
[WhiteElo "2013"]
[BlackElo "1842"]
[PlyCount "78"]
[EventDate "2012.07.23"]
[EventType "swiss"]
[EventRounds "8"]
[EventCountry "ITA"]
[SourceTitle "EXT 2023"]
[Source "ChessBase"]
[SourceDate "2022.10.05"]
[SourceVersion "1"]
[SourceVersionDate "2022.10.05"]
[SourceQuality "1"]

1. e4 c5 2. f4 d5 3. Nc3 e6 4. Bb5+ Nc6 5. Nf3 Nf6 6. Bxc6+ bxc6 7. d3 g6 8. 0-0 Bg7 9. Qe1 0-0 10. Qh4 Nd7 11. Qf2 Rb8 12. Kh1 Ba6 13. Re1 Re8 14. g4 Qc7 15. Qh4 c4 16. d4 c5 17. e5 cxd4 18. Nxd4 f6 19. f5 Nxe5 20. Nxe6 Rxe6 21. fxe6 d4 22. Ne4 Bb7 23. Qg3 f5 24. gxf5 gxf5 25. Bh6 fxe4 26. Rf1 Rc8 27. Rf7 e3+ 28. Kg1 Nf3+ 29. Rxf3 Bxf3 30. Bf4 Qb7 31. Rf1 Bh5 32. Be5 e2 33. Rf5 Bg6 34. Rf7 e1Q+ 35. Qxe1 Bxf7 36. Bxg7 Kxg7 37. Qg3+ Bg6 38. Qe5+ Kg8 39. e7 Qe4 0-1

[Event "ITA-ch B"]
[Site "Civitanova Marche"]
[Date "2012.07.18"]
[Round "4"]
[White "Arnetta, Maria Teresa"]
[Black "Panella, Fiammetta"]
[Result "1-0"]
[WhiteElo "2013"]
[BlackElo "2043"]
[PlyCount "68"]
[EventDate "2012.07.15"]
[EventType "swiss"]
[EventRounds "8"]
[EventCountry "ITA"]
[SourceTitle "EXT 2023"]
[Source "ChessBase"]
[SourceDate "2022.10.05"]
[SourceVersion "1"]
[SourceVersionDate "2022.10.05"]
[SourceQuality "1"]

1. e4 c5 2. b3 g6 3. Bb2 Nf6 4. e5 Nd5 5. e6 f6 6. exd7+ Bxd7 7. Nc3 Nxc3 8. Bxc3 e5 9. f4 Bg7 10. fxe5 fxe5 11. Nf3 Qe7 12. Bc4 Nc6 13. 0-0 0-0-0 14. Qe1 Rhf8 15. Bd5 Nd4 16. Nxd4 cxd4 17. Bb2 Bb5 18. Rxf8 Rxf8 19. d3 Qf6 20. a4 Bc6 21. Bxc6 Qxc6 22. Ba3 Rf5 23. Qb4 Bh6 24. Qc5 Be3+ 25. Kh1 Qxc5 26. Bxc5 b6 27. Bd6 Kd7 28. Bb8 a6 29. g4 Rf2 30. Bxe5 Rxc2 31. b4 Ke6 32. Bg3 Rd2 33. Bc7 Rxd3 34. Bxb6 Rb3 1-0

[Event "Mantova op-A 2nd"]
[Site "Mantova"]
[Date "2012.01.02"]
[Round "1"]
[White "Naumkin, Igor"]
[Black "Arnetta, Maria Teresa"]
[Result "1-0"]
[WhiteElo "2443"]
[BlackElo "2031"]
[PlyCount "69"]
[EventDate "2012.01.02"]
[EventType "swiss"]
[EventRounds "9"]
[EventCountry "ITA"]
[SourceTitle "CBM 146 Extra"]
[Source "ChessBase"]
[SourceDate "2012.02.29"]
[SourceVersion "1"]
[SourceVersionDate "2012.02.29"]
[SourceQuality "1"]

1. d4 d5 2. c4 e6 3. Nf3 c5 4. cxd5 exd5 5. Nc3 Nc6 6. g3 Nf6 7. Bg2 Be7 8. 0-0 0-0 9. Bf4 cxd4 10. Nxd4 Bg4 11. Rc1 Qd7 12. Qa4 Rac8 13. Rfd1 Rfd8 14. Nb3 Qe6 15. Bg5 Ne4 16. Bxe7 Nxc3 17. Rxc3 Qxe2 18. Rf1 b5 19. Qf4 Nxe7 20. Nd4 Qxb2 21. Rb3 Qxa2 22. Qxg4 Rc4 23. Re3 Ng6 24. Qg5 Rcc8 25. h4 Qc4 26. Rd1 Qa4 27. Red3 h6 28. Qf5 Ne7 29. Qe5 Ng6 30. Qh5 b4 31. Bxd5 Rc7 32. Nf5 Nf8 33. Bxf7+ Rxf7 34. Rxd8 Qc2 35. Ne7+ 1-0